| 000 | 00502nam a2200205 a 4500 | ||
|---|---|---|---|
| 001 | 3718 | ||
| 003 | CDMR | ||
| 005 | 20130425171201.0 | ||
| 008 | 130130s1937||||||||||||||||||||||||||||d | ||
| 040 |
_aCDMR _bcat _cCDMR |
||
| 100 | 1 |
_aTrabal, Francesc _92644 |
|
| 245 | 1 | 0 |
_aVals _cFrancesc Trabal |
| 250 | _a3a ed. | ||
| 260 |
_a[Badalona] _c1937 _bProa |
||
| 300 |
_a221 p ; _c20 cm |
||
| 490 | 0 | _aLa Mirada | |
| 500 | _aPremi Crexells 1936 | ||
| 650 | 0 | 4 |
_9797 _aReportatges literaris |
| 942 |
_cMON _2udc |
||
| 999 |
_c3718 _d3718 |
||